000 00639nam a2200217 a 4500
999 _c11293
_d11293
001 11293
003 BD-JhCC
005 20190827125708.0
008 190622s 2017bg |||| ||a| 000 0 ben d
020 _a9789845261234
035 _a(BD-JhCC)11293
040 _aBD-JhCC
_dBD-JhCC
041 _a ben
082 _a891.4415
_bLIP 2017
100 _aলিপু , আহমদ
245 _aদর্শন /
_cআহমদ লিপু ।
260 _aঢাকা:
_bঅনিন্দ্য প্রকাশ;
_c২০১৭.
300 _a৪৬ পৃ. :
_c ১৫ সেমি.
942 _2ddc
_cBK